Normal view
MARC view
- LAMBE, WILLIAM T
Entry Personal Name
001 - CONTROL NUMBER
- control field: 90439
003 - CONTROL NUMBER IDENTIFIER
- control field: NUST
005 - DATE AND TIME OF LATEST TRANSACTION
- control field: 20220308093647.0
008 - FIXED-LENGTH DATA ELEMENTS
- fixed length control field: 220308|| aca||aabn | a|a d
040 ## - CATALOGING SOURCE
- Original cataloging agency: NUST
- Transcribing agency: NUST
100 ## - HEADING--PERSONAL NAME
- Personal name: LAMBE, WILLIAM T
670 ## - SOURCE DATA FOUND
- Source citation: Work cat.: (NUST): LAMBE, WILLIAM T., SOIL MECHANICS /, 1969.
